[Event "Seattle Seafair Open"]
[Site "Chess.com"]
[Date "2020.07.18"]
[Round "?"]
[White "Moore, Michael"]
[Black "Rodriguez, Odysseus"]
[Result "1-0"]
[WhiteElo "1950"]
[BlackElo "1499"]
[PlyCount "41"]
[EventDate "2020.??.??"]

1. d4 d5 2. c4 c6 3. Nc3 Nf6 4. e3 e6 5. Nf3 Nbd7 6. Qc2 Bd6 7. g4 Nxg4 8. Rg1
h5 9. h3 Qf6 10. Be2 Nh2 11. Nxh2 Bxh2 12. Rg2 Bd6 13. e4 Qxd4 14. Be3 Qf6 15.
cxd5 cxd5 16. exd5 exd5 17. Nxd5 Qe6 18. O-O-O O-O 19. Rdg1 Be5 20. Nf4 Qe7 21.
Nxh5 1-0

[Event "Seattle Seafair Open"]
[Site "Chess.com"]
[Date "2020.07.18"]
[Round "?"]
[White "Morris, Brian Lee"]
[Black "Jiang, Brandon"]
[Result "0-1"]
[WhiteElo "1382"]
[BlackElo "2110"]
[PlyCount "22"]
[EventDate "2020.??.??"]

1. e4 c6 2. d4 d5 3. Nc3 dxe4 4. Nxe4 Nf6 5. Nxf6+ exf6 6. Be3 Bd6 7. Qd2 O-O
8. Bc4 Nd7 9. Ne2 Nb6 10. Bb3 a5 11. c4 Bb4 0-1

[Event "Seattle Seafair Open"]
[Site "Chess.com"]
[Date "2020.07.19"]
[Round "?"]
[White "Morris, Brian Lee"]
[Black "Du, Shuhan"]
[Result "0-1"]
[WhiteElo "1382"]
[BlackElo "1814"]
[PlyCount "129"]
[EventDate "2020.??.??"]

1. e4 e5 2. Bc4 Bc5 3. Nf3 Nc6 4. c3 Nf6 5. d4 exd4 6. cxd4 Bb4+ 7. Nbd2 d5 8.
exd5 Nxd5 9. O-O O-O 10. a3 Be7 11. Re1 Bg4 12. h3 Bh5 13. Qb3 Na5 14. Qc2 Nxc4
15. Qxc4 Bf6 16. Qb3 Nb6 17. Ne4 Bxf3 18. Nxf6+ Qxf6 19. Qxf3 Qxf3 20. gxf3
Rad8 21. Be3 Rd7 22. b3 Rfd8 23. Ra2 Nd5 24. Rd2 Ne7 25. b4 Nf5 26. Kg2 Rd6 27.
Bf4 Rg6+ 28. Kf1 Rc6 29. Rd3 Rc4 30. Kg2 Kf8 31. Rc1 Rxc1 32. Bxc1 Rxd4 33. Rc3
Rd7 34. Rc5 g6 35. Rc3 a6 36. Bf4 c6 37. Be5 Ke7 38. f4 f6 39. Bb8 Rd4 40. Kf3
Kd7 41. Ba7 Rd1 42. Bc5 Nd6 43. Ke2 Rd5 44. Re3 b6 45. Bxd6 Rxd6 46. Rd3 Rxd3
47. Kxd3 Kd6 48. Kd4 c5+ 49. bxc5+ bxc5+ 50. Kc4 Kc6 51. h4 h6 52. f3 f5 53. a4
a5 54. Kc3 Kd5 55. Kd3 c4+ 56. Kc3 Kc5 57. Kc2 Kb4 58. Kb2 Kxa4 59. Kc3 Kb5 60.
Kc2 Kc5 61. Kc3 Kb5 62. Kb2 Kb4 63. Kc2 c3 64. Kc1 Kb3 65. Kb1 0-1

[Event "Seattle Seafair Open"]
[Site "Chess.com"]
[Date "2020.07.18"]
[Round "?"]
[White "Morris, Brian Lee"]
[Black "Vemparala, Nikash"]
[Result "0-1"]
[WhiteElo "1382"]
[BlackElo "1684"]
[PlyCount "78"]
[EventDate "2020.??.??"]

1. e4 e5 2. Bc4 Nc6 3. Nf3 Bc5 4. c3 Nf6 5. d4 exd4 6. cxd4 Bb4+ 7. Nbd2 Nxe4
8. O-O d5 9. Bb5 Bxd2 10. Bxd2 O-O 11. Re1 Bg4 12. Bxc6 bxc6 13. Bb4 Re8 14. h3
Bh5 15. Qd3 Qf6 16. Qe3 Bxf3 17. Qxf3 Qxd4 18. Qa3 Qxf2+ 19. Kh2 Qf4+ 20. Kg1
Re6 21. Rf1 Qh4 22. Rf3 Rg6 23. Kh2 Ng5 24. Rg3 Qf4 25. Kh1 h5 26. Rd1 Ne4 27.
Rxg6 fxg6 28. Kg1 Qg3 29. Qxg3 Nxg3 30. Kh2 Ne4 31. Rc1 a5 32. Ba3 Ra6 33. Be7
Rb6 34. Rc2 d4 35. Re2 Nd6 36. b3 c5 37. Bd8 Rc6 38. Re6 d3 39. Bxc7 d2 0-1

[Event "Seattle Seafair Open"]
[Site "Chess.com"]
[Date "2020.07.18"]
[Round "?"]
[White "Nagarajan, Pranith"]
[Black "Hetamsaria, Aadi"]
[Result "0-1"]
[WhiteElo "904"]
[BlackElo "1159"]
[PlyCount "76"]
[EventDate "2020.??.??"]

1. e4 d5 2. exd5 Qxd5 3. Nc3 Qa5 4. Nf3 Nf6 5. Bc4 Bg4 6. h3 Bh5 7. O-O e6 8.
a3 c6 9. d3 Nbd7 10. Be3 Bd6 11. Qd2 Bxf3 12. gxf3 Ne5 13. Kg2 Nxc4 14. dxc4
O-O-O 15. b4 Qe5 16. Rh1 Qf5 17. Qe2 Nh5 18. Ne4 Bf4 19. Rad1 Bxe3 20. fxe3 Qe5
21. c5 Kb8 22. Nd6 Qg3+ 23. Kf1 Rhf8 24. a4 f5 25. a5 f4 26. e4 Qh4 27. Rg1
Ng3+ 28. Rxg3 fxg3 29. Qg2 Qf4 30. Ke2 e5 31. Rg1 g5 32. Qxg3 b6 33. Qf2 h5 34.
cxb6 Rxd6 35. bxa7+ Ka8 36. Rd1 Rxd1 37. Kxd1 Qxf3+ 38. Qxf3 Rxf3 0-1

[Event "Seattle Seafair Open"]
[Site "Chess.com"]
[Date "2020.07.18"]
[Round "?"]
[White "Nagarajan, Pranith"]
[Black "Wang, Felicity"]
[Result "0-1"]
[WhiteElo "904"]
[BlackElo "1667"]
[PlyCount "44"]
[EventDate "2020.??.??"]

1. e4 e5 2. Nf3 Nc6 3. Bc4 Bc5 4. Nc3 Nf6 5. d3 a6 6. Bg5 h6 7. Bh4 Bb4 8. O-O
g5 9. Bg3 d6 10. a3 Bc5 11. b4 Ba7 12. Nd5 Nxd5 13. Bxd5 h5 14. h3 h4 15. Bh2
g4 16. hxg4 Bxg4 17. c3 Qf6 18. a4 h3 19. Kh1 hxg2+ 20. Kxg2 Rxh2+ 21. Kxh2
Bxf3 22. Rg1 Qh4# 0-1

[Event "Seattle Seafair Open"]
[Site "Chess.com"]
[Date "2020.07.19"]
[Round "?"]
[White "Nallappa, Vijay"]
[Black "Zhang, Michelle"]
[Result "1-0"]
[WhiteElo "734"]
[BlackElo "1267"]
[PlyCount "123"]
[EventDate "2020.??.??"]

1. d4 d5 2. c4 e6 3. Nc3 Nf6 4. Bg5 Nbd7 5. Nf3 c6 6. e3 Qa5 7. Nd2 Be7 8. Be2
O-O 9. O-O Qd8 10. f3 c5 11. cxd5 exd5 12. Nb3 b6 13. Bb5 Bb7 14. Bxd7 Nxd7 15.
Bxe7 Qxe7 16. Re1 c4 17. Nd2 Qd8 18. e4 dxe4 19. fxe4 Rc8 20. Qa4 Nf6 21. d5
Qc7 22. Nb5 Qc5+ 23. Kh1 Ng4 24. h3 Nf2+ 25. Kh2 a6 26. Nc3 Qd6+ 27. e5 Qh6 28.
Nf3 Qf4+ 29. Kg1 Qg3 30. Kf1 Nd3 31. Re2 Nf4 32. Rf2 Bxd5 33. Nxd5 Nxd5 34.
Qxa6 Ne3+ 35. Kg1 Nd5 36. Qb5 Nf4 37. Kf1 c3 38. b3 Rfd8 39. Qxb6 Rd3 40. Qb7
Rcd8 41. a4 Rd1+ 42. Rxd1 Rxd1+ 43. Ne1 Qd3+ 44. Kg1 Rxe1+ 45. Kh2 Qd8 46. Rxf4
Qe8 47. Re4 Rd1 48. Qc7 Rc1 49. Rc4 c2 50. Rxc2 Rxc2 51. Qxc2 Qxe5+ 52. g3 f6
53. Qc8+ Kf7 54. Qd7+ Kg6 55. Qd2 Kf7 56. a5 Qb5 57. b4 Kg8 58. Qa2+ Kf8 59. a6
Qb8 60. a7 Qa8 61. b5 Ke7 62. b6 1-0

[Event "Seattle Seafair Open"]
[Site "Chess.com"]
[Date "2020.07.19"]
[Round "?"]
[White "Nallappa, Vijay"]
[Black "Liu, Yuntao"]
[Result "1-0"]
[WhiteElo "734"]
[BlackElo "1059"]
[PlyCount "141"]
[EventDate "2020.??.??"]

1. d4 Nf6 2. c4 e5 3. dxe5 Ng4 4. Nf3 Nc6 5. e4 Ngxe5 6. Nxe5 Nxe5 7. Bf4 d6 8.
Be2 Be6 9. Bxe5 dxe5 10. Nd2 Bc5 11. O-O O-O 12. Nb3 Bd6 13. Rc1 b6 14. Bg4
Bxg4 15. Qxg4 Qf6 16. c5 Be7 17. Qd7 Bd8 18. Rfe1 Qe6 19. c6 Re8 20. Red1 Re7
21. Qxe6 fxe6 22. Rd3 Rf7 23. Rcd1 Bg5 24. f3 Rb8 25. Rd7 Rc8 26. Na1 a5 27.
Nc2 Be7 28. a4 Bd6 29. Rxf7 Kxf7 30. Na3 Ke7 31. Nb5 Rd8 32. Kf1 g5 33. Ke2 h6
34. Kf1 Rc8 35. Kf2 Rd8 36. Kg3 Kf6 37. Nxd6 cxd6 38. c7 Rc8 39. Rxd6 Rxc7 40.
Rxb6 h5 41. Kh3 Rc2 42. Rb5 h4 43. Rxa5 Rxb2 44. Ra8 Rb4 45. a5 Ra4 46. a6 Ke7
47. Kg4 Kf6 48. a7 Ke7 49. Kxg5 Ra2 50. Kxh4 Kd7 51. Kh3 Kc7 52. Rh8 Rxa7 53.
Rh7+ Kb6 54. Rxa7 Kxa7 55. Kg4 Kb7 56. Kg5 Kc7 57. Kf6 Kd7 58. Kf7 Kd6 59. h4
Kc5 60. h5 Kd4 61. Kxe6 Ke3 62. h6 Kf4 63. h7 Ke3 64. Kxe5 Kf2 65. h8=Q Ke3 66.
Qh6+ Kf2 67. Qh4+ Kg1 68. g4 Kf1 69. Qh2 Ke1 70. Kd4 Kd1 71. Kd3 1-0

[Event "Seattle Seafair Open"]
[Site "Chess.com"]
[Date "2020.07.18"]
[Round "?"]
[White "Nallappa, Vijay"]
[Black "Morris, Brian Lee"]
[Result "0-1"]
[WhiteElo "734"]
[BlackElo "1382"]
[PlyCount "82"]
[EventDate "2020.??.??"]

1. d4 Nf6 2. c4 g6 3. Nc3 Bg7 4. e4 d6 5. Nf3 O-O 6. Be2 Nc6 7. d5 Ne5 8. O-O
Nxf3+ 9. Bxf3 a5 10. Rb1 Nd7 11. Bg4 Ne5 12. Bxc8 Qxc8 13. Qe2 c6 14. h3 f5 15.
Na4 Ra6 16. f4 Nd7 17. exf5 Bd4+ 18. Kh1 Rxf5 19. Qxe7 cxd5 20. cxd5 Rf7 21.
Qe4 Bg7 22. Bd2 b5 23. Nc3 Nc5 24. Qe2 b4 25. Nd1 Raa7 26. Be3 Rae7 27. Qf3 Qf5
28. Nf2 g5 29. g4 Rxe3 30. Qxe3 Qxd5+ 31. Kh2 gxf4 32. Qe2 f3 33. Qb5 Be5+ 34.
Kg1 Qd2 35. Rfd1 Qf4 36. Qc6 Qh2+ 37. Kf1 Qg2+ 38. Ke1 Qg1+ 39. Kd2 Qxf2+ 40.
Kc1 Bf4+ 41. Rd2 Qxd2# 0-1

[Event "Seattle Seafair Open"]
[Site "Chess.com"]
[Date "2020.07.18"]
[Round "?"]
[White "Petrosyan, Tigran"]
[Black "Chen, Minda"]
[Result "1-0"]
[WhiteElo "2452"]
[BlackElo "1966"]
[PlyCount "73"]
[EventDate "2020.??.??"]

1. Nf3 Nf6 2. c4 e6 3. Nc3 d5 4. d4 Be7 5. Bf4 O-O 6. e3 Nbd7 7. c5 c6 8. h3 a5
9. a3 Re8 10. b4 Ne4 11. Nxe4 dxe4 12. Nd2 f5 13. Nc4 b6 14. cxb6 Nxb6 15. Nxa5
Qd7 16. Qd2 Nd5 17. Be5 Ba6 18. Bxa6 Rxa6 19. O-O Rea8 20. Rfc1 Kf7 21. Rc2 Bd8
22. Nc4 Kg8 23. Rac1 Ne7 24. Bg3 Qb7 25. Bh4 h6 26. Bxe7 Qxe7 27. Ne5 Rxa3 28.
Rxc6 R3a4 29. b5 Kh7 30. Qc3 Ra2 31. Qb3 Ra1 32. Rxa1 Rxa1+ 33. Kh2 Qh4 34.
Qxe6 Qxf2 35. Qg6+ Kg8 36. Qe8+ Kh7 37. Rxh6+ 1-0

[Event "Seattle Seafair Open"]
[Site "Chess.com"]
[Date "2020.07.18"]
[Round "?"]
[White "Petrosyan, Tigran"]
[Black "Brown, Northern"]
[Result "1-0"]
[WhiteElo "2452"]
[BlackElo "1480"]
[PlyCount "89"]
[EventDate "2020.??.??"]

1. Nf3 g6 2. d4 Bg7 3. g3 d5 4. Bg2 Nf6 5. O-O O-O 6. c4 c6 7. cxd5 cxd5 8. Nc3
Nc6 9. Ne5 Bf5 10. Nxc6 bxc6 11. Bf4 Qb6 12. Na4 Qb5 13. Rc1 Ne4 14. b3 Rac8
15. Be3 e5 16. f3 Nd6 17. dxe5 Bxe5 18. Bxa7 Rfe8 19. Re1 Nb7 20. Bf2 Kg7 21.
Bf1 Qb4 22. Nc5 Nxc5 23. Bxc5 Qa5 24. a4 f6 25. b4 Qc7 26. Qd2 h5 27. Bg2 h4
28. f4 Bd6 29. Bxd6 Qxd6 30. e4 Be6 31. Qd4 hxg3 32. hxg3 Rcd8 33. e5 fxe5 34.
Rxe5 Kf7 35. Rce1 Bf5 36. a5 Rxe5 37. Rxe5 Re8 38. a6 Rxe5 39. fxe5 Qb8 40. a7
Qb7 41. b5 Be6 42. b6 Qa6 43. Bf1 Qa3 44. Qf2+ Ke8 45. b7 1-0

[Event "Seattle Seafair Open"]
[Site "Chess.com"]
[Date "2020.07.19"]
[Round "?"]
[White "Petrosyan, Tigran"]
[Black "Aleksandrov, Aleksej"]
[Result "1-0"]
[WhiteElo "2452"]
[BlackElo "2708"]
[PlyCount "79"]
[EventDate "2020.??.??"]

1. e4 e5 2. Nf3 Nc6 3. Bc4 Bc5 4. c3 Nf6 5. d4 exd4 6. e5 d5 7. Be2 Ne4 8. cxd4
Bb6 9. O-O O-O 10. Nc3 Bf5 11. Na4 f6 12. exf6 Qxf6 13. Nxb6 axb6 14. Bf4 Rac8
15. Rc1 Be6 16. Be3 h6 17. a3 Nd6 18. b4 Nc4 19. Bxc4 dxc4 20. b5 Na5 21. Ne5
Rfd8 22. f4 c5 23. f5 cxd4 24. Ng4 Qe7 25. Bxh6 Bd5 26. f6 Qe4 27. Rf2 gxh6 28.
Nxh6+ Kf8 29. Qh5 Qh7 30. Re2 Be4 31. Rxe4 Rc5 32. Re7 Rxh5 33. Rxh7 Rxh6 34.
Rxh6 Kf7 35. Re1 Rg8 36. Re7+ Kf8 37. Rhh7 Rg6 38. Rc7 Kg8 39. f7+ Kxh7 40.
f8=Q+ 1-0

[Event "Seattle Seafair Open"]
[Site "Chess.com"]
[Date "2020.07.19"]
[Round "?"]
[White "Qian, Daniel"]
[Black "Hamlett, James"]
[Result "1-0"]
[WhiteElo "1886"]
[BlackElo "1561"]
[PlyCount "59"]
[EventDate "2020.??.??"]

1. d4 d5 2. c4 e6 3. Nc3 Nf6 4. cxd5 Nxd5 5. e4 Nxc3 6. bxc3 c5 7. Nf3 Nc6 8.
Bb5 Bd7 9. O-O Qa5 10. Qb3 cxd4 11. cxd4 Bb4 12. Bd3 Be7 13. Bd2 Qb6 14. Qxb6
axb6 15. Rfb1 Ra3 16. Bc2 Rxf3 17. gxf3 Nxd4 18. Bd1 b5 19. Bc3 e5 20. Bxd4
exd4 21. a3 O-O 22. Be2 Rc8 23. Bxb5 Be6 24. Rc1 Rxc1+ 25. Rxc1 Bxa3 26. Ra1
Be7 27. Ra8+ Bf8 28. Rd8 f5 29. exf5 Bxf5 30. Bc4+ 1-0

[Event "Seattle Seafair Open"]
[Site "Chess.com"]
[Date "2020.07.18"]
[Round "?"]
[White "Ramkumar, Aditya"]
[Black "Ruff, Lois"]
[Result "1-0"]
[WhiteElo "1452"]
[BlackElo "1027"]
[PlyCount "89"]
[EventDate "2020.??.??"]

1. e4 c5 2. Nf3 e6 3. d4 cxd4 4. Nxd4 Nc6 5. Be3 a6 6. Nc3 Bb4 7. Qd2 Nf6 8. f3
d5 9. exd5 Nxd5 10. Bf2 O-O 11. a3 Bxc3 12. bxc3 Re8 13. Nb3 Qc7 14. c4 Nf4 15.
Bd3 h6 16. O-O e5 17. Rfe1 Be6 18. Be3 Rad8 19. Bxf4 exf4 20. Qc3 Qc8 21. Rad1
Qb8 22. c5 Qc8 23. Rb1 Bf5 24. Nd2 Rxe1+ 25. Rxe1 Bxd3 26. cxd3 Qf5 27. Ne4 Kh8
28. Nd6 Qg6 29. Qc4 Rf8 30. d4 b5 31. Qd5 Nd8 32. c6 Ne6 33. Nxf7+ Rxf7 34.
Rxe6 Qb1+ 35. Kf2 Qb2+ 36. Re2 Qxa3 37. Qxf7 Qd3 38. Qe8+ Kh7 39. Qe4+ Qxe4 40.
fxe4 b4 41. c7 a5 42. c8=Q a4 43. Qf5+ Kg8 44. Rc2 b3 45. Rc8# 1-0

[Event "Seattle Seafair Open"]
[Site "Chess.com"]
[Date "2020.07.19"]
[Round "?"]
[White "Ramkumar, Aditya"]
[Black "Bansal, Amay"]
[Result "1/2-1/2"]
[WhiteElo "1452"]
[BlackElo "1112"]
[PlyCount "154"]
[EventDate "2020.??.??"]

1. Nf3 d5 2. d4 Bf5 3. Bf4 Nf6 4. e3 c6 5. Nbd2 Nbd7 6. Ne5 e6 7. h3 Nxe5 8.
Bxe5 Bd6 9. Nf3 O-O 10. Be2 c5 11. c3 c4 12. O-O Ne4 13. Bxd6 Nxd6 14. b3 b5
15. Nd2 h6 16. a4 a6 17. b4 a5 18. axb5 Nxb5 19. Qc1 axb4 20. Rxa8 Qxa8 21.
cxb4 Qa3 22. e4 Qxc1 23. Rxc1 Nxd4 24. Bf3 dxe4 25. Bd1 Rc8 26. Rxc4 e5 27.
Rxc8+ Bxc8 28. Nxe4 Ba6 29. Nc3 Kf8 30. Ba4 Ne2+ 31. Nxe2 Bxe2 32. f3 Bc4 33.
Bc6 Ke7 34. Kf2 Kd6 35. Ba8 f5 36. g3 Kc7 37. f4 e4 38. Ke3 Kb6 39. g4 g6 40.
gxf5 gxf5 41. h4 Kb5 42. Bb7 Be6 43. Kd4 Kxb4 44. Bc6 Kb3 45. Ke3 Kc3 46. Be8
Kc2 47. h5 Kd1 48. Bg6 Ke1 49. Be8 Kf1 50. Bg6 Kg2 51. Be8 Kg3 52. Bg6 Kg4 53.
Be8 Bc4 54. Bg6 Bf1 55. Bf7 Bh3 56. Bg6 Kh4 57. Be8 Bg4 58. Bg6 Kg3 59. Bf7 Kh3
60. Be8 Kh4 61. Bg6 Kh3 62. Bf7 Bf3 63. Be8 Kg4 64. Bf7 Kh4 65. Bg6 Bg4 66. Kd4
Bxh5 67. Bxf5 Bf3 68. Bxe4 Bxe4 69. Kxe4 Kg4 70. Ke5 h5 71. f5 h4 72. f6 h3 73.
f7 h2 74. f8=Q h1=Q 75. Qg8+ Kh3 76. Qh7+ Kg2 77. Qe4+ Kg1 1/2-1/2

[Event "Seattle Seafair Open"]
[Site "Chess.com"]
[Date "2020.07.19"]
[Round "?"]
[White "Ramkumar, Aditya"]
[Black "Razmov, Valentin"]
[Result "1/2-1/2"]
[WhiteElo "1452"]
[BlackElo "1986"]
[PlyCount "101"]
[EventDate "2020.??.??"]

1. Nf3 Nf6 2. g3 d5 3. d4 e6 4. c4 c6 5. Nc3 Nbd7 6. Bg2 Be7 7. O-O O-O 8. cxd5
exd5 9. e3 Nb6 10. Ne5 Re8 11. h3 Bd6 12. Nd3 Ne4 13. Nxe4 dxe4 14. Nf4 Nd5 15.
Nxd5 cxd5 16. Bd2 Be6 17. Rc1 Qd7 18. h4 h6 19. Qb3 Rad8 20. a3 Bb8 21. Bb4 g5
22. hxg5 hxg5 23. f4 exf3 24. Rxf3 Bg4 25. Rf6 Bxg3 26. Rcf1 Be6 27. Qd3 Kg7
28. e4 Bf4 29. R6xf4 gxf4 30. Rxf4 f5 31. exf5 Bxf5 32. Rxf5 Re6 33. Rxd5 Qxd5
34. Bxd5 Rxd5 35. Bf8+ Kf6 36. Qf3+ Rf5 37. Qc3 Kf7 38. Bd6 Rxd6 39. Qc7+ Ke6
40. Qc8+ Kf6 41. Qf8+ Ke6 42. Qe8+ Kd5 43. Qb5+ Ke4 44. Qxb7+ Kxd4 45. Qxa7+
Ke5 46. Qc5+ Ke6 47. Qc8+ Kf6 48. Qf8+ Ke6 49. Qc8+ Ke5 50. Qc5+ Ke6 51. Qc8+
1/2-1/2

[Event "Seattle Seafair Open"]
[Site "Chess.com"]
[Date "2020.07.18"]
[Round "?"]
[White "Raptis, Nick"]
[Black "Ramkumar, Aditya"]
[Result "1-0"]
[WhiteElo "2393"]
[BlackElo "1452"]
[PlyCount "117"]
[EventDate "2020.??.??"]

1. d4 Nf6 2. Nf3 d5 3. g3 e6 4. Bg2 c5 5. O-O Nc6 6. c4 Be7 7. cxd5 exd5 8. Nc3
Be6 9. dxc5 Bxc5 10. Bg5 Be7 11. Nd4 O-O 12. Nxe6 fxe6 13. Bh3 Qd7 14. Qa4 h6
15. Bxf6 Bxf6 16. e4 d4 17. Nd5 Qf7 18. Nf4 Rae8 19. Qb3 Nd8 20. Rad1 g5 21.
Nd3 e5 22. Qxf7+ Rxf7 23. Rc1 Nc6 24. Bf5 Kg7 25. Rc4 Ree7 26. Rfc1 h5 27. b4
g4 28. b5 Na5 29. Rc8 Bg5 30. R1c2 b6 31. Kg2 Nb7 32. R2c6 Rf6 33. R8c7 Rxc7
34. Rxc7+ Rf7 35. Rxf7+ Kxf7 36. Nxe5+ Kf6 37. f4 Bh6 38. Nf3 gxf3+ 39. Kxf3
Nc5 40. Bh7 d3 41. Ke3 Ke6 42. e5 Bg7 43. Bxd3 Nxd3 44. Kxd3 Kd5 45. a4 Bh6 46.
Ke3 Bg7 47. h3 Ke6 48. Ke4 Bh6 49. f5+ Ke7 50. Kd5 Be3 51. g4 hxg4 52. hxg4 Bf2
53. g5 Kf7 54. e6+ Kf8 55. f6 Bh4 56. e7+ Kf7 57. g6+ Ke8 58. Ke6 Bg5 59. f7#
1-0

[Event "Seattle Seafair Open"]
[Site "Chess.com"]
[Date "2020.07.18"]
[Round "?"]
[White "Raptis, Nick"]
[Black "Hamlett, James"]
[Result "1-0"]
[WhiteElo "2393"]
[BlackElo "1561"]
[PlyCount "45"]
[EventDate "2020.??.??"]

1. d4 d5 2. Nc3 Nf6 3. Bg5 h6 4. Bh4 Bf5 5. f3 e6 6. e4 Bh7 7. Bxf6 gxf6 8.
exd5 exd5 9. Bd3 Qe7+ 10. Nge2 c6 11. Bxh7 Rxh7 12. Qd3 Rg7 13. O-O-O Kd7 14.
Ng3 Qd6 15. Nce2 Qc7 16. Qf5+ Ke8 17. Nf4 Bd6 18. Nfh5 Rg6 19. Nxf6+ Kf8 20.
Rde1 Bf4+ 21. Kb1 Bg5 22. Re8+ Kg7 23. Ngh5# 1-0

[Event "Seattle Seafair Open"]
[Site "Chess.com"]
[Date "2020.07.19"]
[Round "?"]
[White "Raptis, Nick"]
[Black "Lenderman, Aleksandr"]
[Result "1-0"]
[WhiteElo "2393"]
[BlackElo "2717"]
[PlyCount "59"]
[EventDate "2020.??.??"]

1. Nf3 d5 2. g3 g6 3. Bg2 Bg7 4. O-O e5 5. d3 Ne7 6. e4 O-O 7. exd5 Nxd5 8. Nc3
Ne7 9. Re1 Nbc6 10. Bd2 h6 11. b4 a6 12. a4 Nf5 13. Rb1 Re8 14. Ne4 Kh7 15. Nc5
Rb8 16. h4 b6 17. Ne4 f6 18. h5 gxh5 19. Nh2 h4 20. Qh5 hxg3 21. fxg3 Rf8 22.
Rf1 Nce7 23. g4 Qd4+ 24. Kh1 Ne3 25. Bxe3 Qxe3 26. Rbe1 Qd4 27. g5 f5 28. Nf6+
Rxf6 29. gxf6 Bxf6 30. Qf7+ 1-0

[Event "Seattle Seafair Open"]
[Site "Chess.com"]
[Date "2020.07.19"]
[Round "?"]
[White "Razmov, Valentin"]
[Black "Bunch, Drew"]
[Result "0-1"]
[WhiteElo "1986"]
[BlackElo "1169"]
[PlyCount "82"]
[EventDate "2020.??.??"]

1. d4 Nf6 2. Nf3 d5 3. c4 e6 4. Nc3 Bb4 5. Bg5 Nbd7 6. e3 O-O 7. Qc2 h6 8. Bh4
b6 9. Ne5 c5 10. Be2 Bb7 11. O-O Bxc3 12. bxc3 g5 13. Bg3 Ne4 14. Nxd7 Qxd7 15.
cxd5 exd5 16. dxc5 bxc5 17. Bf3 f5 18. Bxe4 fxe4 19. Rad1 Ba6 20. c4 Rf5 21.
Qxe4 dxe4 22. Rxd7 Bxc4 23. Rfd1 Bd3 24. f3 c4 25. fxe4 Bxe4 26. R1d6 Rc5 27.
Re7 c3 28. Rd1 c2 29. Rc1 Bg6 30. Be5 Rxe5 31. Rxe5 Rd8 32. Rf1 Rd1 33. Rc5 Bd3
34. Rc8+ Kg7 35. Rc7+ Kg6 36. Rc6+ Kh5 37. g4+ Kxg4 38. h3+ Kxh3 39. Rxh6+ Kg3
40. Rhf6 Rxf1+ 41. Rxf1 Bxf1 0-1

[Event "Seattle Seafair Open"]
[Site "Chess.com"]
[Date "2020.07.18"]
[Round "?"]
[White "Razmov, Valentin"]
[Black "Shanmugam, Meera"]
[Result "1-0"]
[WhiteElo "1986"]
[BlackElo "1224"]
[PlyCount "77"]
[EventDate "2020.??.??"]

1. d4 d5 2. Nf3 e6 3. c4 Be7 4. Nc3 Nf6 5. Bg5 h6 6. Bh4 O-O 7. e3 b6 8. Bd3
Bb7 9. O-O Nbd7 10. Qe2 Re8 11. Rac1 dxc4 12. Bxc4 c5 13. Rfd1 cxd4 14. Rxd4
Qc7 15. Bg3 e5 16. Nb5 Qb8 17. Rcd1 a6 18. Nc3 Bxf3 19. gxf3 Qc8 20. R4d2 b5
21. Bd3 Bb4 22. Rc2 Qd8 23. Bf5 Qe7 24. Bxd7 Nxd7 25. Nd5 Qd6 26. Nxb4 Qxb4 27.
Rxd7 Qa5 28. a3 Rad8 29. Qd2 Rxd7 30. Qxa5 Rd6 31. Rd2 Rg6 32. Rd8 Rxd8 33.
Qxd8+ Kh7 34. Kf1 h5 35. Qh4 Kh6 36. Bxe5 f6 37. Bf4+ Kh7 38. Qxh5+ Kg8 39.
Qxg6 1-0

[Event "Seattle Seafair Open"]
[Site "Chess.com"]
[Date "2020.07.19"]
[Round "?"]
[White "Rodriguez, Odysseus"]
[Black "Han, Shuyi"]
[Result "1-0"]
[WhiteElo "1499"]
[BlackElo "758"]
[PlyCount "117"]
[EventDate "2020.??.??"]

1. d4 d5 2. c4 c6 3. Nc3 Nf6 4. Nf3 e6 5. Bg5 Be7 6. e3 Nbd7 7. Qc2 h6 8. Bxf6
Nxf6 9. O-O-O dxc4 10. Bxc4 b5 11. Bb3 a5 12. a4 bxa4 13. Bxa4 Bd7 14. Ne5 Rc8
15. Ne4 Nxe4 16. Qxe4 O-O 17. g4 f5 18. gxf5 exf5 19. Bb3+ Kh7 20. Qg2 Rb8 21.
Qg6+ Kh8 22. Rhg1 Bf6 23. Nf7+ Rxf7 24. Qxf7 Qe8 25. Qxe8+ Bxe8 26. Rd3 Kh7 27.
Be6 Bg6 28. Rb3 Rxb3 29. Bxb3 Bh4 30. Rg2 Bh5 31. Bd1 Bg6 32. f4 Be7 33. Rc2
Be8 34. Bf3 g5 35. Bxc6 Bxc6 36. Rxc6 Bb4 37. fxg5 hxg5 38. d5 a4 39. Ra6 f4
40. exf4 gxf4 41. Rxa4 Bf8 42. Kd2 Bh6 43. d6 f3+ 44. Ke1 Be3 45. d7 f2+ 46.
Kf1 Bb6 47. Ra8 Kg7 48. d8=Q Bxd8 49. Rxd8 Kf6 50. Kxf2 Kg5 51. Rf8 Kg4 52. b4
Kg5 53. b5 Kg6 54. b6 Kg7 55. Rf3 Kg6 56. b7 Kg5 57. b8=Q Kg6 58. Qg8+ Kh6 59.
Rh3# 1-0

[Event "Seattle Seafair Open"]
[Site "Chess.com"]
[Date "2020.07.19"]
[Round "?"]
[White "Roesch, Carson"]
[Black "Lee, Brian"]
[Result "1-0"]
[WhiteElo "1519"]
[BlackElo "1881"]
[PlyCount "83"]
[EventDate "2020.??.??"]

1. e4 c5 2. Nf3 d6 3. d4 cxd4 4. Nxd4 Nf6 5. Nc3 a6 6. Be3 e6 7. f3 b5 8. Qd2
Bb7 9. Nb3 Nbd7 10. O-O-O b4 11. Na4 d5 12. Nac5 Nxc5 13. Bxc5 Bxc5 14. Nxc5
Qb6 15. Nxb7 Qxb7 16. exd5 Nxd5 17. Bc4 Rd8 18. Qg5 O-O 19. Bxd5 exd5 20. Rd4
h6 21. Qf5 Rfe8 22. Rhd1 g6 23. Qf4 Kg7 24. Rxb4 Qc6 25. Qd4+ Kh7 26. Rb6 Qc7
27. Rxa6 Re2 28. c3 Qxh2 29. Ra7 Kg8 30. Rb7 Rxg2 31. a4 Re2 32. a5 h5 33. f4
Re4 34. Qf6 Qxf4+ 35. Qxf4 Rxf4 36. a6 Ra4 37. a7 h4 38. b3 Ra5 39. Kb2 Kg7 40.
Rb8 Rf8 41. Rxf8 Kxf8 42. Ra1 1-0

[Event "Seattle Seafair Open"]
[Site "Chess.com"]
[Date "2020.07.19"]
[Round "?"]
[White "Ruff, Lois"]
[Black "Kaur, Jind"]
[Result "1-0"]
[WhiteElo "1027"]
[BlackElo "1336"]
[PlyCount "97"]
[EventDate "2020.??.??"]

1. Nf3 Nc6 2. g3 g6 3. Bg2 Bg7 4. O-O Nf6 5. e3 O-O 6. d4 d5 7. b3 Bg4 8. Ba3
Re8 9. Nbd2 e5 10. Qc1 exd4 11. Nxd4 Nxd4 12. exd4 Bf5 13. c4 c6 14. cxd5 Nxd5
15. Bb2 Qd6 16. Nc4 Qd7 17. Ne5 Nb4 18. Nxd7 Nd3 19. Qc3 Nxb2 20. Qxb2 Bxd7 21.
Rfe1 Bf5 22. Rxe8+ Rxe8 23. Qd2 Rd8 24. Re1 Bxd4 25. Qg5 Rf8 26. Qe7 Bg7 27.
Qxb7 Bd4 28. Bxc6 Bb6 29. Bd5 Bc5 30. Bxf7+ Rxf7 31. Re8+ Rf8 32. Rxf8+ Bxf8
33. Qxa7 Be6 34. Qb8 Kg7 35. Qc7+ Kg8 36. Qb8 Kg7 37. a4 Kg8 38. b4 Bd7 39. a5
Bc6 40. b5 Bd5 41. b6 Bc6 42. a6 Bd5 43. b7 Bxb7 44. axb7 Kg7 45. Qe5+ Kf7 46.
b8=Q Bg7 47. Qbc7+ Kf8 48. Qexg7+ Ke8 49. Qge7# 1-0

[Event "Seattle Seafair Open"]
[Site "Chess.com"]
[Date "2020.07.18"]
[Round "?"]
[White "Ruff, Lois"]
[Black "Lopez, Francisco"]
[Result "0-1"]
[WhiteElo "1027"]
[BlackElo "1778"]
[PlyCount "108"]
[EventDate "2020.??.??"]

1. e4 e5 2. Nf3 Nc6 3. Bb5 Bc5 4. O-O Nf6 5. h3 O-O 6. d3 Nd4 7. Bc4 d6 8. Bg5
Be6 9. Nbd2 Bxc4 10. Nxc4 Ne6 11. Bh4 Nf4 12. a3 a6 13. b4 Ba7 14. Na5 Rb8 15.
Nc4 Kh8 16. Nh2 Qd7 17. Qf3 Ng8 18. Ng4 f5 19. exf5 Rxf5 20. Nce3 Rf7 21. Kh1
Nxd3 22. cxd3 Rxf3 23. gxf3 Qf7 24. Kg2 Rf8 25. Bg3 Qxf3+ 26. Kh2 h5 27. Rac1
hxg4 28. Nxg4 c6 29. d4 Bxd4 30. Rcd1 Ne7 31. Ne3 Bxe3 32. fxe3 Qxf1 33. Rxf1
Rxf1 34. Kg2 Ra1 35. Bh4 Nf5 36. Bg5 Rxa3 37. Kf3 d5 38. h4 Kg8 39. h5 Kf7 40.
h6 gxh6 41. Bxh6 Nxh6 42. Kf2 e4 43. Ke2 Ra2+ 44. Kd1 Nf5 45. Kc1 Nxe3 46. Kb1
Rd2 47. b5 axb5 48. Ka1 Nd1 49. Kb1 e3 50. Kc1 c5 51. Kb1 Nc3+ 52. Kc1 Na2+ 53.
Kb1 e2 54. Ka1 e1=R# 0-1